000 02020nam a2200373 i 4500
001 194952
003 ES-MaACL
005 20250708193913.0
008 240321u2022uuuuuuuuu-|-o----u|----|eng-d
017 _aBI 01626-2022
020 _a9788492937936
035 _a(CKB)5580000000507623
035 _a(EXLCZ)995580000000507623
040 _bspa
_cES-MaACL
080 _a331.101.26(460)
080 _a331.101.262(460)
080 _a658.3(460)
100 _aPérez, Carlos Alberto
_9236557
_eaut
245 1 0 _aValor económico del capital humano en España y sus regiones /
_cCarlos Albert Pérez, Ángel Soler Guillén ; Dirigido por Lorenzo Serrano Martínez
260 _aBilbao :
_bFundación BBVA,
_c2022
300 _a209 páginas ;
_c24 cm
336 _2rdacontent
_atexto
337 _2rdamedia
_asin mediación
338 _2rdacarrier
_avolumen
520 _aLas posibilidades de desarrollo de un territorio dependen de la adecuada gestión del conjunto de sus recursos y de la cantidad disponible de los mismos, tanto de bienes de capital producidos (maquinaria, infraestructuras, etc.) como de los recursos naturales o del capital humano de su población. En este último caso, las únicas estimaciones existentes para España hasta la fecha eran las ofrecidas por el Banco Mundial para el conjunto del país y un número escaso de años. El objetivo de esta monografía, por tanto, es la estimación del valor del capital humano en España y sus comunidades autónomas desde el año 2000.
700 _aSoler Guillén, Ángel
_eaut
_9238724
776 _z84-92937-93-9
852 _aES-MaACL
_cDEPOJ
_jN-9920
_xEncuadernación rústica con solapas
_hDonación: Editorial
_9205842
942 _cMONOGRAFIA
_n0
999 _c194952
_d194952